La Revolución proletaria

Gespeichert in:
Bibliographische Detailangaben
1. Verfasser: Lenin, Vladimir Ilich
Format: Text
Veröffentlicht: Lima: EPASA
Tags: Tag hinzufügen
Keine Tags, Fügen Sie den ersten Tag hinzu!

MARC

LEADER 00000 a a2200000 04500
001 22564
003
040
090 |a 154500  
100 |a Lenin, Vladimir Ilich  
245 |a La Revolución proletaria  
260 |a Lima:   |b EPASA  
300 |a 136 p; n. 36   |b **no definido**  
999 |c 13574  |d 13574